| 000 | 00623nam a2200229Ia 4500 | ||
|---|---|---|---|
| 003 | OSt | ||
| 005 | 20241221113028.0 | ||
| 008 | 210324s9999||||xx |||||||||||||| ||und|| | ||
| 040 | _cSTCPL | ||
| 041 | _aHIN | ||
| 082 |
_aH108 _bSHI-M |
||
| 100 |
_a Singh, Shivamangal _qशिवमंगल सिंह |
||
| 245 | 0 |
_aMitti ki barat / _cby Shivamangal Singh _hमिट्टी की बारात |
|
| 250 | _a3rd ed. | ||
| 260 |
_aDelhi : _bRajkamal Prakashan , _c1979 . |
||
| 300 |
_a156 p. _bHB |
||
| 650 | _aHindi literature | ||
| 650 | _aPoem | ||
| 650 | _aCollections | ||
| 942 | _cBK | ||
| 942 | _2ddc | ||
| 999 |
_c23378 _d23378 |
||